000 005650000a22002170004500
003 LK-CoMWRAF
005 20230926121414.0
008 230817t ||||| |||| 00| 0 eng d
020 _a8172310153
040 _aLK-CoMWRAF
_dLK-CoMWRAF
_eLK-CoMWRAF
041 _aeng
082 _a297.38
_bANS
100 _aAnsari, Maulana Sadruddin Amir
245 _aSalat :
_bDaily prayers of Muslims
260 _aNew Delhi :
_bIslamic Book Service,
_c1999
300 _a96p
650 _aIslam
650 _aIslam-Salat
650 _aISLAM-prayers-Muslims
942 _cBK
999 _c2938
_d2938